000
00300nam a22001097a 4500
082
_a
355/SOO
100
_a
Sood,Sanjeev krishan & Singh, Indrajeet & Das, Monojit
_9
84024
245
_a
BSF the eyes and ears of india
260
_a
New delhi
_b
Adroit publishers
_c
2022
650
_a
Military
942
_c
BK
999
_c
69045
_d
69045